Łódź - Wszystkie krańcówki tramwajowe - Statystyki

Ogólne statystyki
  • Ten quiz został rozwiązany 62 razy
    7 od ostatniego zresetowania
  • Średni wynik to 22 z 40
Statystyki odpowiedzi
Typ Linie Nazwa % Poprawnych
Pętla 9,10B Olechów
100%
Pętla 10AB,12,14*,18 Retkinia
100%
Pętla 5,8 Teofilów
100%
Pętla 11,17 Chocianowice IKEA
83%
Pętla 5,6,15 Chojny Kurczaki
83%
Pętla 7,8 Cm. Zarzew
83%
Pętla 2,4,14 Dw. Łódź Dąbrowa
83%
Pętla 14 Karolew
83%
Pętla 2,16 Kochanówka
83%
Pętla 45 pl. Kilińskiego (Zgierz)
83%
Pętla 12,15 Stoki
83%
Pętla 3,10A Widzew Augustów
83%
Mijanka 7 Cm. Ogrodowa
67%
Uliczna 9 Dw. Łódź Fabryczna
67%
Pętla Z1,16* Dw. Łódź Żabieniec
67%
Pętla 4,11,19 Helenówek
67%
Zmiana w inną linie 1,6 Ogrodowa/Nowomiejska
67%
Pętla 19 Północna
67%
Pętla 17,18,45 Telefoniczna Zajezdnia
67%
Mijanka Z1 Doły
50%
Mijanka 1 Kilińskiego/Mochackiego
50%
Uliczna awaryjna Kościuszki/Mickiewicza
50%
Mijanka 43 Legionów/Włókniarzy
50%
Pętla 16,41 pl. Niepodległości
50%
Trójkąt 43 pl. Wolności (Konstantynów)
50%
Pętla awaryjna Radiostacja
50%
Mijanka 3 Rondo Powstańców 1863r.
50%
Pętla 41 Wiejska (Pabianice)
50%
Pętla nieczynna Włókniarzy/Legionów
50%
Pętla nieczynna Duży Skręt (Pabianice)
33%
Pętla W remoncie Dw. Łódź Chojny
33%
Pętla nieczynna Marysin Warszawska
33%
Pętla nieczynna Cegielniana (Ozorków)
17%
pętla w remoncie Dąbrowa Niższa
17%
Pętla awaryjna Widzew Stadion
17%
Pętla nieczynna Koziny
0%
Pętla nieczynna pl. Jana Pawła II (Lutomiersk)
0%
Uliczna awaryjna Rondo Lotników Lwowskich
0%
Trójkąt nieczynna Wyszyńskiego (Ozorków)
0%
Pętla nieczynna Zdrowie
0%
Nie znaleziono quizów pasujących do podanych kryteriów
Rozkład punktacji
Procent ludzi z każdym wynikiem
Percentyl według liczby udzielonych odpowiedzi
Twoja historia wyników
Nie rozwiązałeś tego quizu od ostatniego zresetowania